Ballon d'or 2025 - Statystyki

Ogólne statystyki
  • Ten quiz został rozwiązany 22 razy
  • Średni wynik to 22 z 30
Statystyki odpowiedzi
# Klub Piłkarz % Poprawnych
1. PSG Ousmane Dembele
100%
2. Barcelona Lamine Yamal
95%
4. Liverpool Mohamed Salah
95%
5. Barcelona Raphinha
95%
13. Bayern Munich Harry Kane
86%
7. Real Madrid Kylian Mbappe
86%
15. Sporting CP Viktor Gyökeres
86%
16. Real Madrid Vinicius Junior
86%
3. PSG Vitinha
86%
8. Chelsea Cole Palmer
81%
14. PSG Desire Doue
81%
26. Manchester City Erling Haaland
81%
11. Barcelona Pedri
81%
17. Barcelona Robert Lewandowski
81%
9. PSG Gianluigi Donnarumma
76%
20. Inter Milan Lautaro Martinez
76%
6. PSG Achraf Hakimi
71%
18. Napoli / Manchester United Scott McTominay
71%
29. Bayer Leverkusen Florian Wirtz
67%
12. PSG / Napoli Khvicha Kvaratskhelia
67%
10. PSG Nuno Mendes
67%
28. Liverpool Virgil Van Dijk
62%
27 Arsenal Declan Rice
57%
23. Real Madrid Jude Bellingham
57%
21. Borussia Dortmund Serhou Guirassy
57%
19. PSG Joao Neves
52%
25. Inter Milan Denzel Dumfries
48%
24. PSG Fabian Ruiz
48%
30. Bayern Munich Micheal Olise
48%
22. Liverpool Alexis Mac Allister
29%
Nie znaleziono quizów pasujących do podanych kryteriów
Rozkład punktacji
Procent ludzi z każdym wynikiem
Percentyl według liczby udzielonych odpowiedzi
Twoja historia wyników
Nie rozwiązałeś tego quizu